000 00890nas a2200277 4500
001 BR8105639
003 BR-BrBNA
005 20231205084845.0
007 ta
008 230509b bl.|||p| |||| 00| 00por d
040 _aBR-BrBNA
_bpor
_cBiblioteca Nacional de Agricultura
041 _a(Pt)
072 _aH10
100 1 _aCarvalho, J.C.
100 1 _aTavares, S.
100 1 _aFekete, T.J.
100 1 _aMariconi, F.A.M.
245 1 _aCombate quimico ao acaro branco Polyphagotarsonemus latus (Banks, 1904)com acaricidas e inseticidas-acaricidas [algodao, Goasypium hirsutum]
650 _aALGODAO
650 _aACARO BRANCO
650 _aACARICIDA
650 _aCONTROLE QUIMICO
773 0 _tAnais da Sociedade Entomologica do Brasil (Brazil)
_xISSN 0301-8059
_g(1981), v. 10(2) p. 285-291
_wBR8105639
909 _a202311
_bLúcia
_c55
_dLúcia Elande
942 _2AGRIS
_n0
_cANA
999 _c107721
_d107721